Movies Quiz

Random Movies or Oscar Quiz
Score 0/18 Timer 04:00
3 Plays Today
% Correct
Johnny Depp
97.7%
Sylvester Stallone
97.6%
John Travolta
96.8%
Michael Douglas
95%
Anthony Hopkins
94.4%
Al Pacino
94.4%
Tommy Lee Jones
92.1%
John Wayne
88.4%
Cate Blanchett
87.6%
% Correct
Ian McKellen
85%
Gene Hackman
84.9%
Paul Newman
83.8%
Jeff Bridges
69.3%
Bing Crosby
62.6%
Shirley MacLaine
57.4%
James Cagney
44.3%
John Gielgud
35.3%
Walter Pidgeon
16.1%

You're not logged in!

Compare scores with friends on all Sporcle quizzes.
OR
Log In

Sporcle TV

Today on Sporcle TV


Watch our educational content, quiz creation guides, and fun videos on Sporcle TV.

Show Comments

Extras

Top Quizzes Today


Score Distribution

Paid Content

Your Account Isn't Verified!

In order to create a playlist on Sporcle, you need to verify the email address you used during registration. Go to your Sporcle Settings to finish the process.

Report this User

Report this user for behavior that violates our Community Guidelines.

Details: